| 000 | 01055nam a2200277 a 4500 | ||
|---|---|---|---|
| 001 | 000004486 | ||
| 003 | DO-SdBNP | ||
| 005 | 20230713131917.0 | ||
| 008 | 090723s2007 dr ab r 000 0 spa d | ||
| 020 | _z9993422401 | ||
| 040 |
_aDO-SdBNP _bspa _cBPMSU |
||
| 082 |
_a302.23097293 _bC957m, 2007 _222 |
||
| 100 | 1 | _aCruz Sánchez, Filiberto | |
| 245 | 1 | 4 |
_aLos medios de comunicación en República Dominicana : _bdesde el diario de Colón hasta los medios digitales / _cFiliberto Cruz Sánchez. |
| 250 | _a3a. ed. mejorada y actualizada | ||
| 260 |
_aSanto Domingo : _bEl Nuevo Diario, _c2007. |
||
| 300 |
_a274 p. : _bil., maps. ; _c23 cm. |
||
| 504 | _aBibliografía : p. 265-274 | ||
| 590 | _aInventariado, 2023/VM | ||
| 650 | 4 |
_aMedios de comunicación de masas _zRepública Dominicana _xHistoria |
|
| 650 | 4 |
_aComunicación _zRepública Dominicana _xHistoria |
|
| 650 | 4 |
_aImprenta _zRepública Dominicana _xHistoria |
|
| 650 | 4 |
_aComunicaciones digitales _zRepública Dominicana |
|
| 910 | _aVMateo V. Control de caldiad (BPMSU) | ||
| 942 |
_2ddc _cBK |
||
| 999 |
_c14420 _d14420 |
||